000 01069nam a2200325 i 4500
003 EG-GICUC
005 20260428115503.0
008 260428s1977 -usao||fr|||| 001 0 eng d
020 _a0060453117
040 _aEG-GiCUC
_beng
_cEG-GiCUC
_dEG-GiCUC
_erda
041 0 _aeng
082 0 4 _221
_a343.6
_bCA . W
092 0 4 _221
099 _aLaw1 10 343.769 CA . W 2 ed - 1983
100 1 _aQuinney , Richard
_eAuthor.
245 1 4 _aThe Problem Of Crime :
_bA Critical Introduction To Criminology
_cRichard Quinney, John Wildman.
250 _a Second Edition.
264 1 _aNew York :
_bHarper & Row, Publishers,
_c1977.
300 _a198 pages :
_billustrations,
_c24 cm
336 _2rda content
_atext
337 _2rda media
_aComputer
338 _2rda carrier
_aOnline Resource
504 _aBibliography: pages 175-186 and index.
546 _aText in English
650 1 4 _aCriminal law
700 1 _a Wildman, John
_ejoint author.
856 4 0 _uhttps://fll.law.cu.edu.eg/fulltext/bks/B10-10992.pdf
905 _a48
942 _2ddc
_cBK
_e21
_n0
999 _c73860
_d73860